Do You Even Meme? - Statistics

General Stats
  • This quiz has been taken 111 times
  • The average score is 14 of 16
Answer Stats
Hint Answer % Correct
Distracted Boyfriend
98%
Gru's Plan
97%
Drake Hotline Bling
93%
Epic Handshake
93%
Uno Draw 25
93%
Surprised Pikachu
92%
Expanding Brain
91%
Laughing Leo
87%
Panik Kalm Panik
87%
Philosoraptor
85%
Change My Mind
84%
Pablo Escobar Waiting
84%
Hide the Pain Harold
79%
Invisible Bike
76%
Always Has Been
74%
Is This A Pigeon
74%
No matching quizzes found
Score Distribution
Percent of People with Each Score
Percentile by Number Answered
Your Score History
You have not taken this quiz